ABC's of nature : (Record no. 1208)

MARC details
000 -LEADER
fixed length control field 01257pam a2200337 a 4500
005 - DATE AND TIME OF LATEST TRANSACTION
control field 20260322212051.0
008 - FIXED-LENGTH DATA ELEMENTS--GENERAL INFORMATION
fixed length control field data
010 ## - LIBRARY OF CONGRESS CONTROL NUMBER
LC control number 83060796
020 ## - INTERNATIONAL STANDARD BOOK NUMBER
International Standard Book Number 0895771691 :
Terms of availability {dollar}21.50
020 ## - INTERNATIONAL STANDARD BOOK NUMBER
International Standard Book Number 9780895771698 :
Terms of availability {dollar}21.50
040 ## - CATALOGING SOURCE
Original cataloging agency DLC
Transcribing agency DLC
Modifying agency DLC
042 ## - AUTHENTICATION CODE
Authentication code lcac
050 00 - LIBRARY OF CONGRESS CALL NUMBER
Classification number QH45.5
Item number .A23 1984
082 00 - DEWEY DECIMAL CLASSIFICATION NUMBER
Classification number 508
Edition information 19
092 ## - LOCALLY ASSIGNED DEWEY CALL NUMBER (OCLC)
Classification number 508 A23 1984
001 - CONTROL NUMBER
control field data
245 10 - TITLE STATEMENT
Title ABC's of nature :
Remainder of title a family answer book.
Statement of responsibility, etc. Reader's Digest Association.
260 ## - PUBLICATION, DISTRIBUTION, ETC.
Place of publication, distribution, etc. Pleasantville, N.Y. :
Name of publisher, distributor, etc. Reader's Digest Association,
Date of publication, distribution, etc. c1984.
300 ## - PHYSICAL DESCRIPTION
Extent 336 p. :
Other physical details ill. (some col.) ;
Dimensions 29 cm.
500 ## - GENERAL NOTE
General note At head of title: Reader's digest.
500 ## - GENERAL NOTE
General note Includes index.
520 ## - SUMMARY, ETC.
Summary, etc. Answers questions about the physical world, its plants and animals, and the adaptations and interactions of plants and animals in various environments such as deserts, mountains, and seashores.
650 #0 - SUBJECT ADDED ENTRY--TOPICAL TERM
Topical term or geographic name entry element Natural history
General subdivision Miscellanea.
650 #1 - SUBJECT ADDED ENTRY--TOPICAL TERM
Topical term or geographic name entry element Natural history
General subdivision Miscellanea.
650 #1 - SUBJECT ADDED ENTRY--TOPICAL TERM
Topical term or geographic name entry element Questions and answers.
720 2# - ADDED ENTRY--UNCONTROLLED NAME
Name Reader's Digest Association.
730 0# - ADDED ENTRY--UNIFORM TITLE
Uniform title Reader's digest.
740 0# - ADDED ENTRY--UNCONTROLLED RELATED/ANALYTICAL TITLE
Uncontrolled related/analytical title A B C's of nature.
906 ## - LOCAL DATA ELEMENT F, LDF (RLIN)
a 7
b cbc
c orignew
d 1
e opcn
f 19
g y-gencatlg
991 ## -
-- c-GenColl
-- QH45.5
-- .A23 1984
-- 00001895746
-- Copy 1
-- BOOKS
Holdings
Withdrawn status Lost status Damaged status Not for loan Home library Current library Shelving location Date acquired Total checkouts Full call number Barcode Date last seen Price effective from Koha item type
        Franklin Franklin General stacks 22/03/2026   508 19 BC0011247 22/03/2026 22/03/2026 Books